The theory and management of systems (Record no. 548365)
[ view plain ]
| 000 -LEADER | |
|---|---|
| fixed length control field | 00706cam a22002051 4500 |
| 082 00 - DEWEY DECIMAL CLASSIFICATION NUMBER | |
| Classification number | 658.4032 |
| Author Mark | JOH |
| 100 1# - MAIN ENTRY--PERSONAL NAME | |
| Personal name | Johnson, Richard Arvid, |
| 9 (RLIN) | 44628 |
| 245 14 - TITLE STATEMENT | |
| Title | The theory and management of systems |
| Statement of responsibility, etc. | [by] Richard A. Johnson, Fremont E. Kast [and] James E. Rosenzweig. |
| 260 ## - PUBLICATION, DISTRIBUTION, ETC. | |
| Place of publication, distribution, etc. | New York, |
| Name of publisher, distributor, etc. | McGraw-Hill |
| Date of publication, distribution, etc. | [1963] |
| 300 ## - PHYSICAL DESCRIPTION | |
| Extent | 350 p. |
| Other physical details | illus. |
| Dimensions | 24 cm. |
| 490 0# - SERIES STATEMENT | |
| Series statement | McGraw-Hill series in management |
| 526 ## - STUDY PROGRAM INFORMATION NOTE | |
| Program name | 0 |
| Interest level | 0 |
| Reading level | 0 |
| Title point value | 658_403200000000000_JOH |
| 650 #0 - SUBJECT ADDED ENTRY--TOPICAL TERM | |
| Topical term or geographic name entry element | Industrial management. |
| 650 #0 - SUBJECT ADDED ENTRY--TOPICAL TERM | |
| Topical term or geographic name entry element | MCE |
| 9 (RLIN) | 379 |
| 650 #0 - SUBJECT ADDED ENTRY--TOPICAL TERM | |
| Topical term or geographic name entry element | Operations research. |
| 9 (RLIN) | 7262 |
| 650 #0 - SUBJECT ADDED ENTRY--TOPICAL TERM | |
| Topical term or geographic name entry element | System analysis. |
| 9 (RLIN) | 2233 |
| 700 1# - ADDED ENTRY--PERSONAL NAME | |
| Personal name | Kast, Fremont Ellsworth, |
| 9 (RLIN) | 44629 |
| 700 1# - ADDED ENTRY--PERSONAL NAME | |
| Personal name | Rosenzweig, James Erwin, |
| 9 (RLIN) | 44630 |
| 942 ## - ADDED ENTRY ELEMENTS (KOHA) | |
| Source of classification or shelving scheme | |
| Koha item type | Book |
| Withdrawn status | Lost status | Source of classification or shelving scheme | Damaged status | Not for loan | Permanent Location | Current Location | Date acquired | Total Checkouts | Full call number | Barcode | Date last seen | Price effective from | Koha item type |
|---|---|---|---|---|---|---|---|---|---|---|---|---|---|
| Military College of Engineering (MCE) | Military College of Engineering (MCE) | 08/27/2014 | 658.4032 JOH | MCE-41688 | 08/27/2014 | 08/27/2014 | Book |
